|
|
|
|
| LEADER |
00849nab a2200253 i 4500 |
| 001 |
publ18048 |
| 005 |
20200127115403.0 |
| 008 |
200127s2014 hu o 0|| zxx d |
| 022 |
|
|
|a 0340-9937
|
| 024 |
7 |
|
|a 10.1007/s00059-013-3864-5
|2 doi
|
| 024 |
7 |
|
|a 2526996
|2 mtmt
|
| 040 |
|
|
|a SZTE Publicatio Repozitórium
|b hun
|
| 041 |
|
|
|a zxx
|
| 100 |
1 |
|
|a Nemes Attila
|
| 245 |
1 |
0 |
|a Three-dimensional speckle-tracking echocardiography in Loeffler endocarditis
|h [elektronikus dokumentum] /
|c Nemes Attila
|
| 260 |
|
|
|c 2014
|
| 300 |
|
|
|a 722-724
|
| 490 |
0 |
|
|a HERZ
|v 39 No. 6
|
| 700 |
0 |
1 |
|a Kalapos Anita
|e aut
|
| 700 |
0 |
1 |
|a Domsik Péter
|e aut
|
| 700 |
0 |
1 |
|a Marton Imelda
|e aut
|
| 700 |
0 |
1 |
|a Borbényi Zita
|e aut
|
| 700 |
0 |
1 |
|a Forster Tamás
|e aut
|
| 856 |
4 |
0 |
|u http://publicatio.bibl.u-szeged.hu/18048/1/2014_Three-dimensionalSpeckle-track_Herz.pdf
|z Dokumentum-elérés
|